Premier League Appearances by Nationality: Turkey - Statistics

General Stats
  • This quiz has been taken 14 times
  • The average score is 4 of 10
Answer Stats
Appearances Player % Correct
98 Caglar Soyuncu
62%
58 Emre Belozoglu
54%
29 Ferdi Kadioglu
54%
55 Cenk Tosun
46%
44 Enes Unal
38%
127 Tuncay Sanli
31%
58 Alpay Ozalan
23%
248 Muzzy Izzet
23%
233 Tugay Kerimoglu
23%
27 Colin Kazim-Richards
0%
No matching quizzes found
Score Distribution
Percent of People with Each Score
Percentile by Number Answered
Your Score History
You have not taken this quiz